Multi-Select Country Flag Quiz #1 - Statistics

General Stats
  • This quiz has been taken 31 times
  • The average score is 46 of 54
Answer Stats
Question Tile Select % Correct
Select all the flags beginning with the letter S Yes
100%
Select all the flags beginning with the letter S Yes
93%
Select all the flags beginning with the letter S No
93%
Select all the flags beginning with the letter S No
93%
Select all the flags beginning with the letter S No
93%
Select all the flags beginning with the letter S No
93%
Select all the flags beginning with the letter S No
89%
Select all the flags in Africa Yes
89%
Select all the flags in Africa Yes
89%
Select the flags of Asia Yes
89%
Select the flags of Asia Yes
89%
Select all the flags that begin with the letter T Yes
89%
Select the European countries Yes
89%
Select the European countries Yes
89%
Select all the countries NOT in the Americas Yes
89%
Select all the countries NOT in the Americas Yes
89%
Select all the countries NOT in the Americas Yes
89%
Select all the countries NOT in the Americas Yes
89%
Select all the flags in Africa No
85%
Select all the flags in Africa No
85%
Select all the flags in Africa No
85%
Select all the flags in Africa Yes
85%
Select all the flags in Africa No
85%
Select all the flags in Africa No
85%
Select all the flags in Africa No
85%
Select the flags of Asia No
85%
Select the flags of Asia Yes
85%
Select the flags of Asia No
85%
Select the flags of Asia No
85%
Select the flags of Asia No
85%
Select the flags of Asia No
85%
Select all the flags that begin with the letter T No
85%
Select all the flags that begin with the letter T No
85%
Select all the flags that begin with the letter T No
85%
Select all the flags that begin with the letter T No
85%
Select the European countries No
85%
Select the European countries Yes
85%
Select the European countries No
85%
Select the European countries Yes
85%
Select the European countries Yes
85%
Select the European countries No
85%
Select the European countries No
85%
Select all the countries NOT in the Americas No
85%
Select all the flags that begin with the letter T Yes
81%
Select all the countries NOT in the Americas No
81%
Select all the countries NOT in the Americas No
81%
Select all the flags beginning with the letter S No
78%
Select all the flags beginning with the letter S Yes
78%
Select all the flags that begin with the letter T No
78%
Select all the countries NOT in the Americas No
78%
Select the flags of Asia Yes
74%
Select all the countries NOT in the Americas No
74%
Select all the flags that begin with the letter T Yes
70%
Select all the flags that begin with the letter T Yes
63%
No matching quizzes found
Score Distribution
Percent of People with Each Score
Percentile by Number Answered
Your Score History
You have not taken this quiz